Normal view MARC view

Entry Personal Name

Number of records used in: 1

001 - CONTROL NUMBER

  • control field: 30823

003 - CONTROL NUMBER IDENTIFIER

  • control field: dpl

005 - DATE AND TIME OF LATEST TRANSACTION

  • control field: 20110802140619.0

008 - FIXED-LENGTH DATA ELEMENTS

  • fixed length control field: 110802|||a|||||| | ||| d

040 ## - CATALOGING SOURCE

  • Original cataloging agency: dpl
  • Transcribing agency: dpl

100 ## - HEADING--PERSONAL NAME

  • Personal name: Curry, Ben.

670 ## - SOURCE DATA FOUND

  • Source citation: Work cat.: (dpl)46904: Curry, Ben., Microsoft Sharepoint 2010 administrator's pocket consultant /, 2010

670 ## - SOURCE DATA FOUND

  • Source citation: Work cat.: (dpl)46904: Curry, Ben., Microsoft Sharepoint 2010 administrator's pocket consultant /, 2010

© Delhi Public Library
Hit Counter
free hit counter